| 000 | 01566cam a2200373 a 4500 | ||
|---|---|---|---|
| 001 | EDZ0000116404 | ||
| 003 | StDuBDS | ||
| 005 | 20161031105130.0 | ||
| 006 | m||||||||d|||||||| | ||
| 007 | cr ||||||||||| | ||
| 008 | 130111s2008 caua fo| 000|0|eng|d | ||
| 020 |
_a9781446261835 (ebook) : _cNo price |
||
| 040 |
_aStDuBDS _beng _cStDuBDS _epn |
||
| 049 | _aAlfaisal Main Library | ||
| 050 | 0 |
_aHV6431 _b.G563 2008 |
|
| 082 | 0 | 4 |
_a363.325 _223 |
| 245 | 0 | 0 |
_aGlobal terrorism _h[electronic resource] / _cedited by Brenda J. Lutz and James M. Lutz. |
| 260 |
_aLos Angeles, [Calif.] ; _aLondon : _bSAGE, _c2008. |
||
| 300 |
_a1 online resource (4 v.) : _bill. |
||
| 490 | 1 | _aSAGE library of international relations | |
| 520 | 8 | _aThis collection brings together research on terrorism as viewed from a global and comparative perspective. Many of the papers included are from the post-9/11 period, which has seen a significant increase in the volume of research on terrorism whose focus goes beyond individual groups of countries. | |
| 521 | _aSpecialized. | ||
| 588 | _aDescription based on print version record. | ||
| 504 | _aIncludes bibliographical references. | ||
| 650 | 0 | _aTerrorism. | |
| 655 | 7 |
_aElectronic books. _2local |
|
| 700 | 1 |
_aLutz, Brenda J., _d1957- |
|
| 700 | 1 | _aLutz, James M. | |
| 710 | 2 | _aSage eBooks | |
| 776 | 0 | 8 |
_iPrint version : _z9781412936033 |
| 830 | 0 | _aSAGE library of international relations. | |
| 856 | 4 | 0 | _uhttp://ezproxy.alfaisal.edu/login?url=http://sk.sagepub.com/navigator/global-terrorism |
| 942 |
_2lcc _cEBOOKS |
||
| 999 |
_c479978 _d479978 |
||